|
|
|
|
| LEADER |
01698nam a2200385Ia 4500 |
| 001 |
EBC893558 |
| 003 |
MiAaPQ |
| 005 |
20200520144314.0 |
| 006 |
m o d | |
| 007 |
cr cn||||||||| |
| 008 |
120718s2012 gw sb 001 0 eng d |
| 010 |
|
|
|z 2012029056
|
| 020 |
|
|
|z 9783110288216
|
| 020 |
|
|
|z 9783110288148
|
| 020 |
|
|
|z 3110288141
|
| 035 |
|
|
|a (MiAaPQ)EBC893558
|
| 035 |
|
|
|a (Au-PeEL)EBL893558
|
| 035 |
|
|
|a (CaPaEBR)ebr10634492
|
| 035 |
|
|
|a (CaONFJC)MIL416956
|
| 035 |
|
|
|a (OCoLC)820121172
|
| 040 |
|
|
|a MiAaPQ
|c MiAaPQ
|d MiAaPQ
|
| 050 |
|
4 |
|a D804.355
|b .H64 2012
|
| 245 |
0 |
0 |
|a Holocaust denial
|h [electronic resource] :
|b the politics of perfidy /
|c edited by Robert Solomon Wistrich.
|
| 260 |
|
|
|a Berlin ;
|a Boston :
|b De Gruyter ;
|a Jerusalem :
|b Hebrew University Magnes Press,
|c c2012.
|
| 300 |
|
|
|a vi, 279 p.
|
| 500 |
|
|
|a "Co-published by The Hebrew University Magnes Press (Jerusalem) and De Gruyter (Berlin/Boston) for the Vidal Sassoon International Center for the Study of Antisemitism."
|
| 504 |
|
|
|a Includes bibliographical references and index.
|
| 533 |
|
|
|a Electronic reproduction. Ann Arbor, MI : ProQuest, 2015. Available via World Wide Web. Access may be limited to ProQuest affiliated libraries.
|
| 650 |
|
0 |
|a Holocaust denial literature
|x History and criticism.
|
| 650 |
|
0 |
|a Holocaust, Jewish (1939-1945)
|x Historiography.
|
| 655 |
|
4 |
|a Electronic books.
|
| 700 |
1 |
|
|a Wistrich, Robert S.,
|d 1945-
|
| 710 |
2 |
|
|a Vidal Sassoon International Center for the Study of Antisemitism (Universitah ha-Ivrit bi-Yerushalayim)
|
| 710 |
2 |
|
|a ProQuest (Firm)
|
| 856 |
4 |
0 |
|u https://ebookcentral.proquest.com/lib/matrademy/detail.action?docID=893558
|z Click to View
|